00498pab a2200169 454500008004000000100002000040245004100060260000900101300001200110362000900122650002100131700002100152773002400173909001000197999001700207952010400224180718b1984 xxu||||| |||| 00| 0 eng d aPoole, Keith T. aThe plarization of American Politics c1984 a1061-79 aNov. aU.S.A - Politics aHoward Rosenthal aJournal of Politics a20091 c20091d20091 00104070aIIPAbIIPAd2018-07-19hVolume no: 46, Issue no: 4pAR20160r2018-07-19w2018-07-19yAR